Barbie as Rapunzel - Characters by Picture - Statistics

General Stats
  • This quiz has been taken 52 times
  • The average score is 7 of 18
Answer Stats
Picture Answer % Correct
Rapunzel
98%
Penelope
78%
Gothel
73%
Otto
55%
Hugo
53%
Prince Stefan
48%
Baker
43%
Hobie
38%
King Wilhelm
28%
Silversmith
28%
King Frederick
25%
Prince Tommy
20%
Princess Katrina
18%
Princess Lorena
15%
Botticelli
13%
Fat Swordsman
13%
Princess Melody
13%
Skinny Swordsman
13%
No matching quizzes found
Score Distribution
Percent of People with Each Score
Percentile by Number Answered
Your Score History
You have not taken this quiz